000 00516nam a22001817a 4500
003 OSt
005 20220107122829.0
008 170719b xxu||||| |||| 00| 0 eng d
040 _cIIITMK
100 _aVipin Raj, K P (93615015)
_912262
245 _aSecurity assessment for IoTSP communication infrastructure
300 _aCSIS - Main Project
502 _bCSIS
_c2015-2017
_dINT
_eDr. Asharaf S
650 _aINTERNET OF THINGS
_912263
650 _aDOMAINS
_912264
650 _aBLUETOOTH
_912265
942 _2ddc
_cPR
999 _c5720
_d5720